<?xml version="1.0" encoding="UTF-8"?>
<record
    xmlns:xsi="http://www.w3.org/2001/XMLSchema-instance"
    xsi:schemaLocation="http://www.loc.gov/MARC21/slim http://www.loc.gov/standards/marcxml/schema/MARC21slim.xsd"
    xmlns="http://www.loc.gov/MARC21/slim">

  <leader>02453    a2200229   4500</leader>
  <controlfield tag="001">64021</controlfield>
  <controlfield tag="005">20260521160829.0</controlfield>
  <controlfield tag="008">260521a1966    arg                 spa d</controlfield>
  <controlfield tag="003">AR-UNSa-BCEJYS</controlfield>
  <datafield tag="040" ind1=" " ind2=" ">
    <subfield code="a">AR-UNSa-BCEJYS</subfield>
    <subfield code="b">spa</subfield>
    <subfield code="c">AR-UNSa-BCEJYS</subfield>
  </datafield>
  <datafield tag="080" ind1=" " ind2=" ">
    <subfield code="a">658.012.4</subfield>
    <subfield code="x">Gesti&#xF3;n. Direcci&#xF3;n. Autoridad. T&#xE9;cnicas y m&#xE9;todos de gesti&#xF3;n (gesti&#xF3;n del conocimiento, Outsourcing, Benchmarking...)</subfield>
  </datafield>
  <datafield tag="245" ind1="1" ind2="0">
    <subfield code="a">Direcci&#xF3;n</subfield>
    <subfield code="p">Principios, an&#xE1;lisis, casos</subfield>
  </datafield>
  <datafield tag="264" ind1=" " ind2="1">
    <subfield code="a">Bilbao :</subfield>
    <subfield code="b">Ediciones Deusto</subfield>
    <subfield code="c">1966</subfield>
  </datafield>
  <datafield tag="300" ind1=" " ind2=" ">
    <subfield code="a">694 p.</subfield>
    <subfield code="c">22 cm.</subfield>
  </datafield>
  <datafield tag="505" ind1=" " ind2=" ">
    <subfield code="a">1. Introducci&#xF3;n: Concepto moderno de la direcci&#xF3;n de empresas &#x2013; 2. Extractos sobre la direcci&#xF3;n en la sociedad moderna &#x2013; 3. Los principios tradicionales de la organizaci&#xF3;n. Una s&#xED;ntesis moderna de los mismos &#x2013; 4. Extractos y casos sobre organizaci&#xF3;n de empresas &#x2013; 5. Organizaci&#xF3;n: investigaci&#xF3;n y teor&#xED;a &#x2013; 6. Estudios de investigaci&#xF3;n sobre organizaci&#xF3;n &#x2013; 7. Motivaci&#xF3;n, incentivos y moral &#x2013; 8. Extractos y casos sobre motivaci&#xF3;n &#x2013; 9. C&#xF3;mo se formula la l&#xED;nea de actuaci&#xF3;n, se establece el &lt;&lt; Planning &gt;&gt; y se toman las decisiones &#x2013; 10. Extractos y casos sobre la l&#xED;nea de actuaci&#xF3;n y toma de decisiones &#x2013; 11. El control &#x2013; 12. Extractos y casos sobre control &#x2013; 13. Mejora del trabajo y medida del mismo &#x2013; 14. Extractos y caos sobre mejora del trabajo y la medici&#xF3;n del mismo &#x2013; 15. An&#xE1;lisis econ&#xF3;mico en las decisiones empresariales &#x2013; 16. Extractos y casos en cuanto a la aplicaci&#xF3;n de los principios econ&#xF3;micos en la t&#xE9;cnica de la gesti&#xF3;n &#x2013; 17. Decisiones respecto a la inversi&#xF3;n &#x2013; 18. Extractos y caos en cuanto a decisiones sobre la inversi&#xF3;n &#x2013; 19. Utilizaci&#xF3;n de la contabilidad en el &lt;&lt; Planning &gt;&gt;y control de la empresa &#x2013; 20. Extractos y casos sobre la contabilidad de direcci&#xF3;n &#x2013; 21. An&#xE1;lisis esquem&#xE1;tico en la toma de las decisiones &#x2013; 22. Extractos y casos de an&#xE1;lisis sistem&#xE1;tico en la toma de decisiones &#x2013; 23. Los m&#xE9;todos matem&#xE1;ticos aplicados a los negocios &#x2013; 24. Extractos y casos sobre m&#xE9;todos matem&#xE1;ticos &#x2013; 25. Probabilidad y estad&#xED;stica en las decisiones empresariales &#x2013; 26. Extractos y casos en cuanto al uso de las estad&#xED;sticas en la gesti&#xF3;n empresarial &#x2013; 27. La direcci&#xF3;n respecto al presente y al futuro &#x2013; </subfield>
  </datafield>
  <datafield tag="041" ind1=" " ind2=" ">
    <subfield code="a">spa</subfield>
  </datafield>
  <datafield tag="942" ind1=" " ind2=" ">
    <subfield code="c">BK</subfield>
  </datafield>
  <datafield tag="590" ind1=" " ind2=" ">
    <subfield code="a">niveau_biblio:m niveau_hierar:0</subfield>
  </datafield>
  <datafield tag="100" ind1="1" ind2=" ">
    <subfield code="a">Haynes, W. Warren</subfield>
  </datafield>
  <datafield tag="700" ind1="1" ind2=" ">
    <subfield code="a">Massie, Joseph L.</subfield>
  </datafield>
  <datafield tag="700" ind1="1" ind2=" ">
    <subfield code="a">Gil Lasierra, Agust&#xED;n</subfield>
  </datafield>
  <datafield tag="999" ind1=" " ind2=" ">
    <subfield code="c">36498</subfield>
    <subfield code="d">36498</subfield>
  </datafield>
  <datafield tag="952" ind1=" " ind2=" ">
    <subfield code="0">0</subfield>
    <subfield code="1">0</subfield>
    <subfield code="4">0</subfield>
    <subfield code="7">0</subfield>
    <subfield code="a">BCEJYS</subfield>
    <subfield code="b">BCEJYS</subfield>
    <subfield code="c">16</subfield>
    <subfield code="d">2026-05-21</subfield>
    <subfield code="l">0</subfield>
    <subfield code="o">658.012.4 H423</subfield>
    <subfield code="p">L22855</subfield>
    <subfield code="r">2026-05-21 16:08:29</subfield>
    <subfield code="w">2026-05-21</subfield>
    <subfield code="y">L</subfield>
  </datafield>
  <datafield tag="952" ind1=" " ind2=" ">
    <subfield code="0">0</subfield>
    <subfield code="1">0</subfield>
    <subfield code="4">0</subfield>
    <subfield code="7">0</subfield>
    <subfield code="a">BCEJYS</subfield>
    <subfield code="b">BCEJYS</subfield>
    <subfield code="c">16</subfield>
    <subfield code="d">2026-05-21</subfield>
    <subfield code="l">0</subfield>
    <subfield code="o">658.012.4 H423</subfield>
    <subfield code="p">L22856</subfield>
    <subfield code="r">2026-05-21 16:08:29</subfield>
    <subfield code="w">2026-05-21</subfield>
    <subfield code="y">L</subfield>
  </datafield>
  <datafield tag="952" ind1=" " ind2=" ">
    <subfield code="0">0</subfield>
    <subfield code="1">0</subfield>
    <subfield code="4">0</subfield>
    <subfield code="7">0</subfield>
    <subfield code="a">BCEJYS</subfield>
    <subfield code="b">BCEJYS</subfield>
    <subfield code="c">16</subfield>
    <subfield code="d">2026-05-21</subfield>
    <subfield code="l">0</subfield>
    <subfield code="o">658.012.4 H423</subfield>
    <subfield code="p">L33668</subfield>
    <subfield code="r">2026-05-21 16:08:29</subfield>
    <subfield code="w">2026-05-21</subfield>
    <subfield code="y">L</subfield>
  </datafield>
  <datafield tag="952" ind1=" " ind2=" ">
    <subfield code="0">0</subfield>
    <subfield code="1">0</subfield>
    <subfield code="4">0</subfield>
    <subfield code="7">0</subfield>
    <subfield code="a">BCEJYS</subfield>
    <subfield code="b">BCEJYS</subfield>
    <subfield code="c">16</subfield>
    <subfield code="d">2026-05-21</subfield>
    <subfield code="l">0</subfield>
    <subfield code="o">658.012.4 H423</subfield>
    <subfield code="p">L33669</subfield>
    <subfield code="r">2026-05-21 16:08:29</subfield>
    <subfield code="w">2026-05-21</subfield>
    <subfield code="y">L</subfield>
  </datafield>
  <datafield tag="952" ind1=" " ind2=" ">
    <subfield code="0">0</subfield>
    <subfield code="1">0</subfield>
    <subfield code="4">0</subfield>
    <subfield code="7">0</subfield>
    <subfield code="a">BCEJYS</subfield>
    <subfield code="b">BCEJYS</subfield>
    <subfield code="c">16</subfield>
    <subfield code="d">2026-05-21</subfield>
    <subfield code="l">0</subfield>
    <subfield code="o">658.012.4 H423</subfield>
    <subfield code="p">L33670</subfield>
    <subfield code="r">2026-05-21 16:08:29</subfield>
    <subfield code="w">2026-05-21</subfield>
    <subfield code="y">L</subfield>
  </datafield>
</record>
